000
00275nam a22000977a 4500
008
130408b xxu||||| |||| 00| 0 eng d
020
_a
0764548999
_c
Avalable
050
_a
621.382 HOR
_b
002365
245
_a
Communications Systems And Networks
_c
Horak Ray
260
_a
USA
_b
Wiley
_c
2002
999
_c
23319
_d
23319